| 000 | 01225nam0a2200289 4500 | ||
|---|---|---|---|
| 001 | RU\NLR\bibl\1079044 | ||
| 005 | 20250615045550.0 | ||
| 010 |
_a5-7638-0670-0 _91000 |
||
| 021 |
_aRU _b2007-18110 _9961 |
||
| 035 | _a(NLR Aleph) 001066232 | ||
| 090 |
_a969956 _c969956 |
||
| 100 | _a20070427d2006 |||y0rusy50 ca | ||
| 101 | 0 | _arus | |
| 102 | _aRU | ||
| 105 | _aa ||||||||| | ||
| 200 | 1 |
_aОсновы финансовой математики _eучебное пособие _fИ.С. Пыжев _gФедер. агентство по образованию, Краснояр. гос. ун-т |
|
| 210 |
_aКрасноярск _cКрасноярский государственный университет _d2006 |
||
| 215 |
_a70,[1] с. _cил. _d20 |
||
| 320 | _aБиблиогр.: с. 68-70 (35 назв.) | ||
| 606 | 1 |
_aФинансы _jУчебные издания для высших учебных заведений _xМатематические методы _91999564 _3RU\NLR\auth\661203903 |
|
| 686 | _aУ26(0)в611я73 | ||
| 700 | 1 |
_aПыжев _bИ. С. _gИгорь Сергеевич _4070 |
|
| 801 | 0 |
_aRU _bNLR _c20070427 _gRCR |
|
| 801 | 1 |
_aRU _bNLR _c20070427 |
|
| 942 | _cBOOK | ||
| 980 | _aNB | ||